000 01486nam a22002177a 4500
999 _c57980
_d57980
003 Ge_BSU
005 20210414164050.0
008 210414s1991 ge ||||| |||| 00| 0 geo d
041 _ageo
080 _a 517.2/3(075.8) მ- 41
245 _aმრავალი ცვლადის ფუნქციის დიფერენციალური აღრიცხვა. ერთი ცვლადის ფუნქციის ინტეგრალური აღრიცხვა. დიფერენციალური განტოლებები :
_b(თეორია და ამოცანათა კრებული) : სახელმძღვ. უმაღლ. სასწ. სტუდ. /
_c ს. თოფურია, ვ. ხოჭოლავა, მ. გაბიძაშვილი, ნ. მაჭარაშვილი.
264 _aთბ. :
_bგანათლება,
_c 1991.
300 _a696 გვ.
_b20 სმ.
653 _aდიფერენციალური აღრიცხვა
653 _aდიფერენციალური განტოლებები
700 _a თოფურია, ს.
_eავტორი
_911356
700 _aხოჭოლავა, ვ.
_eავტორი
_911357
700 _aგაბიძაშვილი, მ.
_eავტორი
_91494
700 _aმაჭარაშვილი, ნ.
_eავტორი
_91495
942 _2udc
_cBK